000 00554nam a2200169Ia 4500
008 190805s9999||||xx |||||||||||||| ||und||
020 _a9788131528136
_cRs. 850.00
082 0 4 _a519.5024658
_bAn2311
100 1 _aAnderson, David R.
245 1 0 _aStatistics for Business and Economics /
_cDavid R. Anderson
250 _a12th ed.
260 _aDelhi :
_bCengage Learning India,
_c2014, reprinted 2017
300 _axxxii, 1088 p.
_b : ill.
_c; 25.5 cm.
650 0 _aEconomics
_xStatistical methods.
_vTextbooks
942 _cBK
999 _c323
_d323